LEADER 01426nas 2200505-a 450 001 996336342303316 005 20210111030258.5 011 $a1179-5530 035 $a(DE-599)ZDB2651624-X 035 $a(OCoLC)704301858 035 $a(CKB)2550000000016461 035 $a(CONSER)--2011247754 035 $a(EXLCZ)992550000000016461 100 $a20091209a20119999 --- a 101 0 $aeng 135 $aur||||||||||| 181 $ctxt$2rdacontent 182 $cc$2rdamedia 183 $acr$2rdacarrier 200 00$aClinical medicine insights$iGeriatrics 210 $a[Auckland, N.Z.] $cLibertas Academica$d[2011]- 210 31$aThousand Oaks, CA :$cSAGE Publications 300 $aRefereed/Peer-reviewed 517 3 $aGeriatrics 531 $aCLINICAL MEDICINE INSIGHTS 531 $aENG 531 1 $aClin. med. insight, Geriatr. 606 $aGeriatrics$vPeriodicals 606 $aGeriatric Medicine$2ebps 606 $aGeriatrics$2fast$3(OCoLC)fst00941257 606 $aGeriatrics 608 $aFulltext. 608 $aInternet Resources. 608 $aPeriodicals. 608 $aPeriodicals.$2fast 608 $aPeriodical. 615 0$aGeriatrics 615 7$aGeriatric Medicine. 615 7$aGeriatrics. 615 2$aGeriatrics. 676 $a618.97005 906 $aJOURNAL 912 $a996336342303316 996 $aClinical medicine insights$91939883 997 $aUNISA